Statistics for Fifa 23 Top 100 La Liga Players

Click here to take the quiz!

General Stats

  • This quiz has been taken 144 times
  • The average score is 56 of 100

Answer Stats

RatingClubNationPlayer% Correct
91Real MadridFranceKarim Benzema
99%
91FC BarcelonaPolandRobert Lewandowski
99%
88Real MadridGermanyToni Kroos
99%
88Real MadridCroatiaLuka Modric
98%
90Real MadridBelgiumThibaut Courtois
98%
87FC BarcelonaNetherlandsFrenkie De Jong
97%
89Atletico MadridSloveniaJan Oblak
97%
86Real MadridBrazilVinicius Junior
97%
88FC BarcelonaGermanyMarc-Andre Ter Stegen
96%
86Real MadridAustriaDavid Alaba
94%
87Real MadridGermanyAntonio Rudiger
93%
85FC BarcelonaSpainPedri
93%
84Real MadridBelgiumEden Hazard
87%
85FC BarcelonaNetherlandsMemphis Depay
87%
84Real MadridUruguayFederico Valverde
85%
84Atletico MadridPortugalJoao Felix
84%
85Real BetisFranceNabil Fekir
84%
84Real MadridSpainDaniel Carvajal
83%
85Villarreal CFSpainGerard Moreno
83%
85FC BarcelonaSpainSergio Busquets
83%
85Atletico MadridBelgiumYannick Carrasco
83%
85RC CeltaSpainIago Aspas
81%
84FC BarcelonaFranceJules Kounde
81%
85FC BarcelonaSpainJordi Alba
79%
81Real MadridBrazilRodrygo
79%
83Atletico MadridFranceAntoine Griezmann
78%
84Real MadridBrazilEder Militao
78%
84FC BarcelonaIvory CoastFranck Kessie
78%
84Atletico MadridArgentinaRodrigo De Paul
78%
80Real BetisSpainAlex Moreno
76%
83FC BarcelonaUruguayRonald Araujo
76%
86Villarreal CFSpainDaniel Parejo
74%
83FC BarcelonaFranceOusmane Dembele
74%
83Villarreal CFSpainPau Torres
74%
84Atletico MadridMontenegroStefan Savic
74%
82FC BarcelonaDenmarkAndreas Christensen
72%
83Real MadridFranceFerland Mendy
72%
82FC BarcelonaSpainFerran Torres
72%
83Atletico MadridSpainKoke
72%
82Real MadridFranceAurelien Tchouameni
70%
84Real SociedadSpainMikel Oyarzabal
70%
83Atletico MadridUruguayJose Maria Gimenez
67%
85Sevilla FCArgentinaMarcos Acuna
67%
84Sevilla FCMoroccoYassine Bounou
65%
83FC BarcelonaSpainGerard Pique
64%
81Athletic BilbaoGhanaInaki Williams
62%
84Atletico MadridSpainMarcos Llorente
62%
82Real MadridSpainNacho Fernandez
62%
83Real MadridSpainMarco Asensio
60%
83FC BarcelonaBrazilRaphinha
60%
83Atletico MadridFranceThomas Lemar
56%
84Sevilla FCArgentinaAlejandro Gomez
54%
83Atletico MadridArgentinaAngel Correa
54%
82Sevilla FCCroatiaIvan Rakitic
54%
80Atletico MadridSpainSaul Niguez
51%
83Athletic BilbaoSpainUnai Simon
49%
80Sevilla FCMoroccoYoussef En-Nesyri
48%
80FC BarcelonaSpainSergi Roberto
46%
80Atletico MadridSpainAlvaro Morata
45%
82Atletico MadridCARGeoffrey Kondogbia
45%
83Real SociedadSpainMikel Merino
45%
84Real BetisSpainSergio Canales
45%
84Athletic BilbaoSpainIker Muniain
44%
83Real SociedadSpainDavid Silva
43%
81Real MadridSpainLucas Vazquez
43%
80Real BetisPortugalRui Silva
43%
83Sevilla FCBrazilFernando
38%
82Sevilla FCSpainIsco
38%
80Atletico MadridSpainMario Hermoso
38%
83Sevilla FCSpainJesus Navas
37%
82Villarreal CFNetherlandsArnaut Danjuma
36%
82Athletic BilbaoSpainInigo Martinez
35%
81Sevilla FCDenmarkThomas Delaney
35%
81Atletico MadridBrazilFelipe
33%
81Real BetisSpainBorja Iglesias
31%
82Valencia CFSpainJose Gaya
31%
83Rayo VallecanoSpainRaul De Tomas
29%
82Valencia CFBrazilGabriel Paulista
28%
82Villarreal CFArgentinaGeronimo Rulli
28%
81Real SociedadFranceRobin Le Normand
28%
80RCD EspanyolSpainJoselu
27%
80Real BetisPortugalWilliam Carvalho
27%
80Villarreal CFFranceFrancis Coquelin
26%
81Villarreal CFArgentinaGiovani Lo Celso
24%
82Villarreal CFSpainRaul Albiol
24%
81Sevilla FCMexicoJesus Corona
22%
81Real BetisArgentinaGuido Rodriguez
21%
82Real SociedadSpainAlex Remiro
19%
82Getafe CFSpainDavid Soria
19%
81Atletico MadridBrazilMatheus Cunha
19%
80Getafe CFUruguayMauro Arambarri
16%
82RCD EspanyolSpainSergi Darder
16%
80Sevilla FCSpainJoan Jordan
15%
80Sevilla FCSerbiaMarko Dmitrovic
15%
80Sevilla FCBrazilAlex Telles
13%
82Athletic BilbaoSpainYuri Berchiche
11%
80Atletico MadridSpainSergio Reguilon
10%
80Athletic BilbaoSpainAlex Berenguer
9%
82Real SociedadSpainAritz Elustondo
9%
80Villarreal CFSpainJose Luis Morales
6%

Score Distribution

Percentile by Number Answered

Percent of People with Each Score

Your Score History

You have not taken this quiz